Culture Générale - Série 902 - Statistiques

Statistiques générales
  • Ce quiz a été pris 137 fois
  • Le résultat moyen est 5 sur 10
Statistiques - réponses
Question Réponse % Correct
Quel oiseau des forêts d'Amérique du sud, au gros bec orangé, peut être "toco" ou "tocard" ? toucan
86%
Selon l'expression, que fait-on "dans la semoule" ou "dans la choucroute", quand on se donne du mal pour rien ? pédaler
79%
Sous quel matricule connaît-on mieux l'agent secret Hubert Bonisseur de la Bath ? OSS 117
70%
Quel artiste se faisait appeler "L'Homme à la tête de chou" ? Serge Gainsbourg
70%
Quel nom portent indifféremment le Parlement américain à Washington et l'hôtel de ville de Toulouse ? Capitole
63%
Dans la liturgie catholique des heures, quel office, dont le nom signifie "soir", célèbre-t-on en fin d'après-midi ? vêpres
57%
En Louisiane, quel nom synonyme de "marigot" donne-t-on aux eaux peu profondes à faible courant ou stagnantes, constituées par un bras secondaire d'un fleuve ? bayou
54%
Quel sigle désigne l'organisation européenne créée en 1951, instaurant un marché commun de l'acier et du charbon ? CECA
40%
Quel célèbre bandit, né en 1725, s'est donné le titre de "capitaine général des contrebandiers de France" ? Louis Mandrin
19%
À l'embouchure de quel fleuve se situe la ville du Touquet-Paris-Plage ? Canche
3%
Aucun quiz correspondant
Distribution des résultats
% des personnes avec chaque résultat
Percentile par nombre de réponses
Votre historique - résultats
Vous n’avez pas pris ce quiz